| 000 | 00585nmm a2200193Ia 4500 | ||
|---|---|---|---|
| 008 | 251105s9999||||xx |||||||||||||||||und|| | ||
| 020 | _a9788415120339 | ||
| 041 | _aspa | ||
| 100 | _aMurray, Tamsyn | ||
| 245 | 0 |
_aMi chica fantasma : _b ¿Quién dijo que la muerte era aburrida? |
|
| 264 |
_a[Madrid, España] : _bMaeva Ediciones, _c2011 |
||
| 300 | _a224 páginas | ||
| 490 | _aMaeva Young | ||
| 650 | _aTeen & Young Adult Fiction | ||
| 700 | _aMurray, Tamsyn | ||
| 700 | 1 | _a Pérez Sanquillo, Vanesa | |
| 856 | _uhttps://public.digitaliapublishing.com/a/33972 | ||
| 942 | _cCF | ||
| 999 |
_c69243 _d69243 |
||